| 000 | 00574nam a22001817a 4500 | ||
|---|---|---|---|
| 008 | 160805b xxu||||| |||| 00| 0 eng d | ||
| 020 | _a9789966083159 | ||
| 050 | _aHN49.C6M846 | ||
| 100 |
_aMulwa, Francis W. _924653 |
||
| 245 |
_aCommunity development _b:demystifying participatory _cFrancis W. Mulwa |
||
| 250 | _arev. ed. | ||
| 260 |
_aNairobi _bPaulines _c2010 |
||
| 300 |
_a344p. ; _c21cm. |
||
| 650 |
_aRural development _zAfrica _924654 |
||
| 650 |
_aCommunity development _zAfrica _916761 |
||
| 650 |
_aAfrica _xEconomic conditions _924655 |
||
| 942 |
_2lcc _cMONOGRAPH |
||
| 999 |
_c124868 _d124868 |
||